Top 20 Highest Grossing Films - Statistics

General Stats
  • This quiz has been taken 1,485 times
    1,484 since last reset
  • The average score is 5 of 20
Answer Stats
No. Film Original year of release % Correct
1 Avatar 2009
92%
2 Titanic 1997
92%
11 The Dark Knight 2008
42%
4 The Lord of the Rings: The Return of the King 2003
34%
6 Toy Story 3 2010
26%
19 Jurassic Park 1993
24%
3 Harry Potter and the Deathly Hallows: Part 2 2011
23%
14 Harry Potter and the Deathly Hallows: Part 1 2010
22%
15 The Lion King 1994
22%
18 The Lord of the Rings: The Two Towers 2002
21%
10 Star Wars Ep. I: The Phantom Menace 1999
19%
17 Harry Potter and the Half-Blood Prince 2009
18%
12 Harry Potter and the Philosopher's Stone 2001
17%
16 Harry Potter and the Order of the Phoenix 2007
14%
7 Pirates of the Caribbean: Dead Man's Chest 2006
11%
20 Shrek 2 2004
11%
13 Pirates of the Caribbean: At World's End 2007
9%
5 Transformers: Dark of the Moon 2011
8%
8 Pirates of the Caribbean: On Stranger Tides 2011
6%
9 Alice in Wonderland 2010
5%
No matching quizzes found
Score Distribution
Percent of People with Each Score
Percentile by Number Answered
Your Score History
You have not taken this quiz since the last reset